Fictional Characters by Nationality II Quiz Stats

Quiz Updated Jun 1, 2014

Challenge
Share
Tweet
Embed
Score 0/20 Timer 04:00
0 Plays Today
% Correct
British
95.5%
Irish
93%
Indian
92%
Russian
91.3%
Italian
90.9%
Japanese
90%
Romanian
90%
American
88.7%
French
88.3%
Spanish
87.2%
% Correct
Jamaican
86.4%
Chinese
83.1%
Colombian
82.3%
Canadian
81.3%
German
80.4%
Korean
79.5%
Danish
76.7%
Australian
74.2%
Swedish
68.5%
Bulgarian
68%

You're not logged in!

Compare scores with friends on all Sporcle quizzes.
Join for Free
OR
Log In

You Might Also Like...

Show Comments

Extras

Top Quizzes Today


Score Distribution

Your Account Isn't Verified!

In order to create a playlist on Sporcle, you need to verify the email address you used during registration. Go to your Sporcle Settings to finish the process.

Report this User

Report this user for behavior that violates our Community Guidelines.

Details: